LEADER 00873nam0-22003011i-450- 001 990006397420403321 005 19980601 010 $a88-464-0392-4 035 $a000639742 035 $aFED01000639742 035 $a(Aleph)000639742FED01 035 $a000639742 100 $a19980601d1998----km-y0itay50------ba 105 $a--------00-yy 200 1 $a<>Libertā dei Santi$efallibilismo e tolleranza nella rivoluzione inglese, 1640- 1649$fPietro Adamo. 210 $aMilano$cAngeli$d1998 215 $a408 p.$d22 cm 225 1 $aStudi e ricerche storiche$v218 676 $a942.062 700 1$aAdamo,$bPietro$f<1959- >$0171482 801 0$aIT$bUNINA$gRICA$2UNIMARC 901 $aBK 912 $a990006397420403321 952 $aXXI COLL. 158 (218$b36997*$fFGBC 959 $aFGBC 996 $aLibertā dei Santi$9659992 997 $aUNINA DB $aGIU01 LEADER 00962nam0-22003251i-450 001 990007454450403321 005 20220922134848.0 010 $a3-7965-1350-6 035 $a000745445 035 $aFED01000745445 035 $a(Aleph)000745445FED01 035 $a000745445 100 $a20030812d1999----km-y0itay50------ba 101 0 $ager 102 $aCH 105 $aa-------000yy 200 1 $aDolce vita$eAmbrogio Lorenzettis Porträt des Siener Staates$fMax Seidel 210 $aBasel$cSchwabe & co AG$d1999 215 $a109 p.$cill.$d23 cm 225 1 $aVorträge$fder Aeneas-Silvius-Stiftung an der Universität Basel$v33 610 0 $aLorenzetti, Ambrogio$aOpere$aRitratti di Siena 676 $a750.92$v20 700 1$aSeidel,$bMax$f<1940- >$07119 801 0$aIT$bUNINA$gRICA$2UNIMARC 901 $aBK 912 $a990007454450403321 952 $aDirez. S$b07426 ddr$fDDR 959 $aDDR 996 $aDolce vita$9679771 997 $aUNINA